Cadaqués - Choix multiples - Statistiques

Statistiques générales
  • Ce quiz a été pris 32 fois
  • Le résultat moyen est 6 sur 10
Statistiques - réponses
Question Réponse % Correct
Quel célèbre peintre espagnol passa une partie de son enfance à Cadaqués et y fit construire une villa au cœur d'une baie à l'âge adulte ? Salvador Dalí
97%
Sur laquelle de ces images Cadaqués apparaît-elle ?
90%
Sur quelle côte Cadaqués se situe-t-elle ? La Costa Brava
86%
Avec quel village littoral français partageant la même langue historique ainsi qu'un attrait touristique similaire Cadaqués est-elle jumelée depuis 2017 ? Collioure
83%
Laquelle de ces affirmations au sujet du Cap de Creus, situé au Nord du territoire de Cadaqués, est fausse ? Il est partagé entre la France et l'Espagne.
62%
Vers quel pays hispanophone un tiers des habitants du village émigrèrent-ils au début du XXe siècle ? Cuba
55%
Quel nom porte le petit village situé sur le territoire de Cadaqués où le célèbre peintre fit construire sa villa ? Portlligat
48%
Quelle maladie ruina Cadaqués au début du XXe siècle ? La phylloxéra
34%
Quel massif isole Cadaqués du reste de la Catalogne ? Les Albères
34%
Laquelle de ces personnalités ne résida jamais temporairement à Cadaqués ? Eugénie de Montijo
17%
Aucun quiz correspondant
Distribution des résultats
% des personnes avec chaque résultat
Percentile par nombre de réponses
Votre historique - résultats
Vous n’avez pas pris ce quiz